000 00691cab a2200253 4500
001 ABS60314
008 090401t1999 xxu||||| |||| 00| 0 eng d
035 _a(Sirsi) u92247
041 _aeng
100 _aGreed, J.
245 _aEquitable easements and the pitiless purchaser
260 _c1999
350 _a0
490 _aThe Conveyancer
_v(63) January/February 1999, 11-19(5)
650 _aCELSTEEL LTD V ALTON HOUSE HOLDINGS
650 _aEQUITABLE EASEMENTS
650 _aESTOPPEL
650 _aLAND REGISTRATION RULES 1925
650 _aREGISTERED LAND
650 _aRULE 258
690 _aHIGHWAYS RIGHTS OF WAY AND EASEMENTS
942 _n0
948 _c22/03/1999
999 _c58493
_d58493